Normal view MARC view
  • Aijaz Danish Azeem

Entry Personal Name

Number of records used in: 1

001 - CONTROL NUMBER

  • control field: 118434

003 - CONTROL NUMBER IDENTIFIER

  • control field: NUST

005 - DATE AND TIME OF LATEST TRANSACTION

  • control field: 20231009150006.0

008 - FIXED-LENGTH DATA ELEMENTS

  • fixed length control field: 231009|| aca||aabn | a|a d

040 ## - CATALOGING SOURCE

  • Original cataloging agency: NUST
  • Transcribing agency: NUST

100 ## - HEADING--PERSONAL NAME

  • Personal name: Aijaz Danish Azeem

670 ## - SOURCE DATA FOUND

  • Source citation: Work cat.: (NUST): Aijaz Danish Azeem, TH-SOF-2205-Optimizing Gas Management System Through Underground Gas Storage Facilities: A Case of Securing Energy Resources in Pakistan, 2023.
© 2023 Central Library, National University of Sciences and Technology. All Rights Reserved.